Регионална библиотека "Любен Каравелов" - Русе

[Ларус] Larousse - Фамилна енциклопедия (Запис номер 27003)

MARC детайли
000 -Лидер
Контролно поле с фиксирана дължина 01809nam a2200373 c 4500
003 - Код на организацията, давaща контролен номер
Контролно поле BLK
005 - Дата и час на последна редакция
Контролно поле 20180420220125.0
008 - Елементи от данни с фиксирана дължина
fixed length control field 180413b bul|||||r ||||||| ||bul||
010 ## - Наследен системен номер
LC control number KNG00029571000
020 ## - Международен стандартен номер на книга ISBN
Международен стандартен номер на книга ISBN 954-8517-16-7
-- издат.: ICON
020 ## - Международен стандартен номер на книга ISBN
Международен стандартен номер на книга ISBN 954-8517-17-5
-- издат.: ICON - на том
040 ## - Източник на каталожния запис
Идентификатор на билиотеката - собственик на записа BLK
041 ## - Код за език
Код за езика на текст/звукозапис или на отделно заглавие Български
Код за езика КДБФ Български
080 ## - УДК
Текстов определител УДК Общи енциклопедии. Енциклопедични речници. Научни справочници. Отраслови енциклопедии и справочници се класират в съответните отдели с определител за форма
УДК код - определител по УДК 03
УДК определител
УДК - код + определител 03
080 ## - УДК
Текстов определител УДК История. Вж и (091) ; (093)
УДК код - определител по УДК 93/99
УДК определител (035)
УДК - код + определител 93/99(035)
139 ## - Редно поле
Редна дума [Ларус] Larousse - Фамилна енциклопедия
Авторски знак Лар - Л 25
245 10 - Сведения за заглавието
Заглавие [Ларус] Larousse - Фамилна енциклопедия
Подзаглавни данни В 11 т.
Редно поле (дума) прев. от фр. на том Катя Пеева.
Том Т. 1
Заглавие на том История на света
257 ## - Страна на издаване
Страна на създаване/издаване Франция
260 ## - Област на издателските данни
-- София
Име на издателя, разпространителя и проч. ICON
Година на издаване 1999 -
Печатница София : Д. Благоев
300 ## - Физическа характеристика
Размери/Мащаб 25 см
380 ## - Жанр
Жанр Общ отдел
500 ## - Общи забележки
Забележка Без сведение за ориг. загл. - Офс. изд. - 2 000 тир. - Азб. показалец.
650 #4 - Допълнително описание по предмет – тема
Основно описание – тема или топоним История - енциклопедии
9 (RLIN) 262599
653 ## - Ключова дума – ненормативна
Ключова дума история
653 ## - Ключова дума – ненормативна
Ключова дума енциклопедии
653 ## - Ключова дума – ненормативна
Ключова дума световна история
700 1# - Други автори (авторска отговорност)
Лично име Пеева, Катя
Автороска отговорност (Описва отношението между автора и произведението) прев. от фр. на том
9 (RLIN) 269056
760 1# - Описание на основната серия
-- - на том
Място на издаване, издател и година ICON, 1999
Страници - том 272 с. : с ил., к., сх.
Заглавие Т. 1 История на света
852 ## - Местоположение
Форматна сигнатура Цб 202571
856 4# - Електронен адрес и достъп
Електронен формат pdf - файл
Път до файла /url/
856 4# - Електронен адрес и достъп
Електронен формат pdf - файл
Път до файла /url/
942 ## - АРТИКУЛИ
Вид на библиотечния материал Книги
Скрит в OPAC Не
944 ## - СЪЗДАВАНЕ И РЕДАКЦИЯ на ЗАПИСА
Създаване/Редакция Създаване
Дата на регистрацията/редакция 15.01.2003
Служител, извършил регистрацията/редакцията Людмила_Стоянова
944 ## - СЪЗДАВАНЕ И РЕДАКЦИЯ на ЗАПИСА
Създаване/Редакция Редакция
Дата на регистрацията/редакция 08.06.2004
Служител, извършил регистрацията/редакцията
999 ## - СИСТЕМНИ КОНТРОЛНИ НОМЕРА
Koha biblionumber 27003
Koha biblioitemnumber 27003
Наличности
Код за отписване Код за изгубен артикул Източник на класификационната схема Код за повреда Коз за рестрикции Код за отдаване Артикулен № Име на библиотеката - собственик Име на библиотеката, в която се намира в момента Статус (Текущо местоположение) Дата на вписване в системата Местоположение - отдел Цена в лева Инвентарен номер Систематично азбучна сигнатура Баркод Номер на екземпляра Цена в евро Служебна бележка Служебен тип на артикула
  Не е изгубен Universal Decimal Classification Не е повреден без рестрикции ползва се в читалня 43772 Регионална библиотека "Любен Каравелов" Русе Регионална библиотека "Любен Каравелов" Русе Детски отдел - справочен фонд 2001-01-01 Детски отдел - справочен фонд 25.00 651750 СД 0/Л 25 120000651750 1 12.78 Дост: Pk Вид: Ф N: стар фонд Дата: 01.01.1999 Дата инв: 20.11.2017 Бележки инв: СД2017 Книги
  Не е изгубен Universal Decimal Classification Не е повреден без рестрикции ползва се в читалня 43773 Регионална библиотека "Любен Каравелов" Русе Регионална библиотека "Любен Каравелов" Русе Хранилище 1999-01-01 Хранилище 25.00 652041 Цб 202571 120000652041 2 12.78 Дост: Dp Вид: Д N: стар фонд Дата: 01.01.1999 Книги
  Не е изгубен Universal Decimal Classification Не е повреден без рестрикции ползва се в читалня 43774 Регионална библиотека "Любен Каравелов" Русе Регионална библиотека "Любен Каравелов" Русе Читалня - справочен фонд 2004-06-04 Читалня 25.00 120000685934 СЧ 03/Л 25 120000685934 3 12.78 Дост: Pk Вид: Ф N: 5 Дата: 02.06.2004 Дата инв: 21.03.2017 Бележки инв: СЧ2017 Книги
Vip Innovations Ltd, Rousse, Bulgaria 2025